Manager Magazin Wirtschaft aus erster Hand

Na minha lista:
Detalhes bibliográficos
Formato: Periódico
Idioma:alemão
Publicado em: Hamburg Manager Magazin Verlagsgesellschaft 1991
Assuntos:
Tags: Adicionar Tag
Sem tags, seja o primeiro a adicionar uma tag!

MARC

LEADER 00000nas2a2200000 4500
001 s015258
005 20240109094442.4
041 0 |a ger 
044 |a DE 
245 1 0 |a Manager Magazin  |b Wirtschaft aus erster Hand 
264 1 |a Hamburg  |b Manager Magazin Verlagsgesellschaft  |c 1991 
300 |a 3 zv. 
773 0 |w eu_un_cat*s120419 
610 2 0 |a manažment 
610 2 0 |a podnikanie